000 00796nam a2200277 i 4500
001 C2-0246708
003 PPAK
005 20180727211416.0
008 030324s2000 enka|||| ||||| | eng d
020 _a0751307726
040 _aPPAK
_beng
_cPPAK
_erda
082 0 4 _a595.7
_223
090 0 0 _a595.7
_bMCG
_dR
100 1 _aMcGavin, George C.,
_eauthor
245 1 0 _aInsects, spiders and other terrestrial arthropods
264 1 _aLondon :
_bDorling Kindersley ,
_c2000
300 _a255 pages :
_bcolour illustrations ;
_c22 cm
336 _2rdacontent
_atext
337 _2rdamedia
_aunmediated
338 _2rdacarrier
_avolume
490 1 _aDorling Kindersley handbooks
500 _aIncludes index
650 1 0 _aInsects
830 0 _aDorling Kindersley handbooks
942 _ddc
_cB
999 _c60612
_d60612